The history of buddhist thought

Originally published between 1920-70,The History of Civilization was a landmark in early twentieth century publishing. It was published at a formative time within the social sciences, and during a period of decisive historical discovery. The aim of the general editor, C.K. Ogden, was to summarize th...

Descrición completa

Gardado en:
Detalles Bibliográficos
Autor Principal: Thomas, Edward J.
Formato: Libro
Idioma:Undetermined
Publicado: London Routledge & Kegan Paul Ltd. 1933
Những chủ đề:
Các nhãn: Engadir etiqueta
Sen Etiquetas, Sexa o primeiro en etiquetar este rexistro!
Thư viện lưu trữ: Trung tâm Học liệu Trường Đại học Cần Thơ
LEADER 00954nam a2200205Ia 4500
001 CTU_218199
008 210402s9999 xx 000 0 und d
082 |a 294.3 
082 |b T455 
100 |a Thomas, Edward J. 
245 4 |a The history of buddhist thought 
245 0 |c Edward J. Thomas 
260 |a London 
260 |b Routledge & Kegan Paul Ltd. 
260 |c 1933 
520 |a Originally published between 1920-70,The History of Civilization was a landmark in early twentieth century publishing. It was published at a formative time within the social sciences, and during a period of decisive historical discovery. The aim of the general editor, C.K. Ogden, was to summarize the most up-to-date findings and theories of historians, anthropologists, archaeologists and sociologists. 
650 |a Buddhism,Phật giáo 
650 |x Doctrines,Giáo lý 
904 |i Trúc 
980 |a Trung tâm Học liệu Trường Đại học Cần Thơ